000 00381nam a2200157Ia 4500
999 _c31105
_d31105
003 OSt
005 20250809121410.0
008 250310s9999||||xx |||||||||||||| ||und||
040 _c.
082 _a813.54
_bW1876
100 _96074
_aWallace, Irving
245 0 _aThe Second Lady /
_cIrving Wallace
260 _aLondon :
_bHutchinson,
_c1980.
300 _a384 p.
942 _cBK
_2ddc